000 00677nam a2200217Ia 4500
008 101110s9999 xx 000 0 und d
041 _aENGLISH
082 _bJR6156
100 _aChitale S.G.,Joshi N.A. & etc
245 _aA New Approach to Mathematics & Statistics (Science) XII Paper - I
260 _c2009
_bNilkanth publishaing house, Mumbai
300 _a352
365 _b64
520 _amathematics
546 _aENGLISH
630 _aA New Approach to Mathematics & Statistics (Science) XII Paper - I
650 _amathematics
655 _amathematics
730 _aA New Approach to Mathematics & Statistics (Science) XII Paper - I
942 _cBOOK
999 _c796949
_d796946